ՀՀ Գիտությունների ազգային ակադեմիայի հիմնարար գիտական գրադարան  =   Fundamental Scientific Library of NAS RA

Энергетическое мошенничество : (Record no. 74734)

MARC details
000 -LEADER
fixed length control field 00862nam a2200229 u 4500
001 - CONTROL NUMBER
control field 000213597
003 - CONTROL NUMBER IDENTIFIER
control field AM-YeHGA
005 - DATE AND TIME OF LATEST TRANSACTION
control field 20250617124210.0
008 - FIXED-LENGTH DATA ELEMENTS--GENERAL INFORMATION
fixed length control field 970708s1984 ||||||||||||||||||||rus d
040 ## - CATALOGING SOURCE
Original cataloging agency AM-YeHGA
090 ## - LOCALLY ASSIGNED LC-TYPE CALL NUMBER (OCLC); LOCAL CALL NUMBER (RLIN)
-- 75959
100 1# - MAIN ENTRY--PERSONAL NAME
Personal name Холл, Гэс
245 10 - TITLE STATEMENT
Title Энергетическое мошенничество :
Remainder of title Пер. с англ. /
Statement of responsibility, etc. Гэс Холл ; Пер. В.Н. Павлова.
246 35 - VARYING FORM OF TITLE
Title proper/short title The Energy Rip - Off :
Remainder of title Cause and Cure
260 ## - PUBLICATION, DISTRIBUTION, ETC.
Place of publication, distribution, etc. Москва :
Name of publisher, distributor, etc. Прогресс ,
Date of publication, distribution, etc. 1984.
300 ## - PHYSICAL DESCRIPTION
Extent 312 с. :
Other physical details портр. ;
Dimensions 16 см.
534 ## - ORIGINAL VERSION NOTE
Main entry of original Оргинал:
Introductory phrase The Energу Rip-Off
Publication, distribution, etc. of original Gus Hall (New York, 1974)
653 1# - INDEX TERM--UNCONTROLLED
Uncontrolled term Монополии в США
653 1# - INDEX TERM--UNCONTROLLED
Uncontrolled term Энергетика - США
653 1# - INDEX TERM--UNCONTROLLED
Uncontrolled term Энергетический кризис в США
700 1# - ADDED ENTRY--PERSONAL NAME
Personal name Павлов, В.Н.
Relator term ред.
Relationship edt
Holdings
Withdrawn status Lost status Damaged status Not for loan Collection Home library Current library Date acquired Total checkouts Full call number Barcode Date last seen Price effective from Koha item type Public note
        General Fundamental Scientific Library Fundamental Scientific Library 22/12/2016   338.124.4+338.23]:620.9(73) 110053561 22/12/2016 22/12/2016 Գրքեր / Books 30 Days Loan


ՀՀ ԳԱԱ հիմնարար գիտական գրադարան
ՀՀ,Երևան 0019
Մարշալ Բաղրամյան 24/6
հեռախոս:(374-10) 52-47-50
Հետադարձ կապ

All site content, except where otherwise noted, is licensed under a
Creative Commons License